Administración de recursos Humanos (Registro nro. 7742)

Detalles MARC
000 -Cabecera
Campo de control de longitud fija 01393ata a2200481 4500
005 - Fecha y hora de la última transacción
Campo de control 20250624165750.0
008 - Elementos de longitud fija--Información general
Campo de control de longitud fija 150410b xxu||||| |||| 00| 0 spa d
020 ## - International Standard Book Number
Número Internacional Estándar del Libro (ISBN) 9786073233118
041 ## - Idioma
Código de idioma
082 ## - Clasificación Decimal Dewey
Número de clasificación 658.3 D475ad14
100 ## - Entrada principal--Autor personal
Nombre personal Dessler, Gary
9 (RLIN) 3371
245 ## - Título propiamente dicho
Título Administración de recursos Humanos
250 ## - Edición
Mención de edición 14 edición
260 ## - Pie de imprenta
Lugar de publicación, distribución, etc. México
Nombre del editor, distribuidor, etc. Pearson Educación
Fecha de publicación, distribución, etc. 2015
300 ## - Descripción física
Extensión 524 páginas
650 ## - Materia general
Temática (materia general) ADMINISTRACIÓN DE RECURSOS HUMANOS
650 ## - Materia general
Temática (materia general) GERENTE DE RECURSOS HUMANOS
650 ## - Materia general
Temática (materia general) RECLUTAMIENTO
650 ## - Materia general
Temática (materia general) TALENTO HUMANO
650 ## - Materia general
Temática (materia general) ANÁLISIS DE PUESTOS
650 ## - Materia general
Temática (materia general) FUERZA LABORAL
650 ## - Materia general
Temática (materia general) FORMULARIO DE SOLICITUD DE EMPLEO
650 ## - Materia general
Temática (materia general) SELECCIÓN DE PERSONAL
650 ## - Materia general
Temática (materia general) ENTREVISTAS
650 ## - Materia general
Temática (materia general) MÉTODOS DE RECOLECCIÓN DE INFORMACIÓN
650 ## - Materia general
Temática (materia general) CAPACITACIÓN
650 ## - Materia general
Temática (materia general) INDUCCIÓN
650 ## - Materia general
Temática (materia general) EVALUACIÓN DEL DESEMPEÑO
650 ## - Materia general
Temática (materia general) RETENCIÓN DE PERSONAL
650 ## - Materia general
Temática (materia general) RECLUTAMIENTO EFECTIVO
650 ## - Materia general
Temática (materia general) DESPIDOS
650 ## - Materia general
Temática (materia general) REMUNERACIÓN
650 ## - Materia general
Temática (materia general) INCENTIVOS ECONÓMICOS
650 ## - Materia general
Temática (materia general) PRESTACIONES
650 ## - Materia general
Temática (materia general) ÉTICA
650 ## - Materia general
Temática (materia general) LEGISLACIÓN LABORAL
650 ## - Materia general
Temática (materia general) SEGURIDAD EN EL TRABAJO
650 ## - Materia general
Temática (materia general) PEQUEÑA EMPRESA
650 ## - Materia general
Temática (materia general) EMPLEADORES PROFESIONALES
650 ## - Materia general
Temática (materia general) PLANES DE SUCESIÓN
650 ## - Materia general
Temática (materia general) GRAFICAS DE REEMPLAZO
942 ## - Punto de acceso adicional KOHA
Tipo de ítem KOHA Libro
Fuente del sistema de clasificación o colocación Dewey Decimal Classification
Existencias
Signatura completa Código de barras Programa Académico Tipo de ítem
658.3 D475ad14 20661   Libro
658.3 D475ad14 20662   Libro
658.3 D475ad14 20663   Libro
658.3 D475ad14 20664   Libro
658.3 D475ad14 20665   Libro
658.3 D475ad14 20571   Libro
658.3 D475ad14 20572   Libro
658.3 D475ad14 20573   Libro